Software Engineering. (Record no. 4077)

MARC details
000 -LEADER
fixed length control field 00614nam a22002057a 4500
003 - CONTROL NUMBER IDENTIFIER
control field OSt
005 - DATE AND TIME OF LATEST TRANSACTION
control field 20160517143558.0
008 - FIXED-LENGTH DATA ELEMENTS--GENERAL INFORMATION
fixed length control field 160517b xxu||||| |||| 00| 0 eng d
020 ## - INTERNATIONAL STANDARD BOOK NUMBER
International Standard Book Number 9780471684183
040 ## - CATALOGING SOURCE
Transcribing agency DDC.
082 ## - DEWEY DECIMAL CLASSIFICATION NUMBER
Classification number 005.1 SOF 2005.
100 ## - MAIN ENTRY--PERSONAL NAME
Personal name Edited by Thayer,H.Richard;Dolfman,Merlin;
9 (RLIN) 8845
245 ## - TITLE STATEMENT
Title Software Engineering.
Remainder of title Volume 2:The Supportung Process.
250 ## - EDITION STATEMENT
Edition statement 3rd ed.
260 ## - PUBLICATION, DISTRIBUTION, ETC. (IMPRINT)
Place of publication, distribution, etc. New Jersey.
Name of publisher, distributor, etc. IEEE Computer Society.
Date of publication, distribution, etc. 2005.
300 ## - PHYSICAL DESCRIPTION
Extent xvi,437p;
Other physical details ill;
Dimensions 28cm.
504 ## - BIBLIOGRAPHY, ETC. NOTE
Bibliography, etc includes Appendix and glossary.
650 ## - SUBJECT ADDED ENTRY--TOPICAL TERM
Topical term or geographic name as entry element Software engeneering.
9 (RLIN) 8846
942 ## - ADDED ENTRY ELEMENTS (KOHA)
Source of classification or shelving scheme Dewey Decimal Classification
Koha item type Open Shelf
Holdings
Withdrawn status Lost status Source of classification or shelving scheme Damaged status Not for loan Home library Current library Date acquired Source of acquisition Inventory number Total Checkouts Full call number Barcode Date last seen Price effective from Koha item type Date last checked out
    Dewey Decimal Classification     MUST Main Library Faculty of Interdisciplinary Studies Library 21/09/2016   11/33526 1 005.1 SOF 2005. 2016-4420 06/10/2016 21/09/2016 Open Shelf 21/09/2016
    Dewey Decimal Classification     MUST Main Library MUST Main Library 17/05/2016   11/33531   005.1 SOF 2005. 2016-1980 17/05/2016 17/05/2016 Open Shelf  
    Dewey Decimal Classification     MUST Main Library MUST Main Library 17/08/2016   11/33533   005.1 SOF 2005. 2016-3678 17/08/2016 17/08/2016 Open Shelf  
    Dewey Decimal Classification     MUST Main Library MUST Main Library 14/09/2016   11/33527   005.1 SOF 2005. 2016-4212 14/09/2016 14/09/2016 Open Shelf  
    Dewey Decimal Classification     MUST Main Library MUST Main Library 14/09/2016   11/33529   005.1 SOF 2005. 2016-4213 14/09/2016 14/09/2016 Open Shelf  
    Dewey Decimal Classification     MUST Main Library MUST Main Library 14/09/2016   11/33530   005.1 SOF 2005. 2016-4214 14/09/2016 14/09/2016 Open Shelf